书目信息 |
| 题名: |
我的教育苦旅
|
|
| 作者: | 高万祥 著 | |
| 分册: | ||
| 出版信息: | 上海 华东师范大学出版社 2006 |
|
| 页数: | 312页 | |
| 开本: | 21cm | |
| 丛书名: | 大夏书系·教育随笔 | |
| 单 册: | ||
| 中图分类: | G52-53 | |
| 科图分类: | ||
| 主题词: | 教育工作--中国--文集 , 教育工作 | |
| 电子资源: | ||
| ISBN: | 7-5617-4525-7 | |
| 000 | 00843oam2 2200265 450 | |
| 001 | 010700017942 | |
| 005 | 20061116085309.20 | |
| 010 | @a7-5617-4525-7@dCNY22.00 | |
| 100 | @a20060317d2006 em y0chiy0110 ea | |
| 101 | 0 | @achi |
| 102 | @aCN@b310000 | |
| 105 | @ay z 000yy | |
| 200 | 1 | @a我的教育苦旅@9wo de jiao yu ku lu^@f高万祥著 |
| 210 | @a上海@c华东师范大学出版社@d2006 | |
| 215 | @a312页@d21cm | |
| 225 | 2 | @a大夏书系·教育随笔 |
| 308 | @a丛书第二辑 | |
| 330 | @a本书收入的内容有:大爱陶子,大德陶子;他从故乡走来;中国现代基础教育之父——张伯苓;寻找“精神的雕像”;至少我们还有梦;凤鸣朝阳等。 | |
| 461 | 0 | @12001 @a大夏书系·教育随笔 |
| 606 | 0 | @a教育工作@y中国@j文集 |
| 606 | 0 | @a教育工作 |
| 690 | @aG52-53@v4 | |
| 701 | 0 | @a高万祥@9gao wan xiang@4著 |
| 801 | 0 | @aCN@bRENTIAN@c20061116 |
| 905 | @a10447@dG52-53@e101 | |
| 我的教育苦旅/高万祥著.-上海:华东师范大学出版社,2006 |
| 312页;21cm.-(大夏书系·教育随笔) |
| ISBN 7-5617-4525-7:CNY22.00 |
| 本书收入的内容有:大爱陶子,大德陶子;他从故乡走来;中国现代基础教育之父——张伯苓;寻找“精神的雕像”;至少我们还有梦;凤鸣朝阳等。 |
| ● |
| 相关链接 |
|
|
|
|
正题名:我的教育苦旅
索取号:G52-53/101
 
预约/预借
| 序号 | 登录号 | 条形码 | 馆藏地/架位号 | 状态 | 备注 |
| 1 | 0391139 | 203911393 | 第一样本阅览室/ [索取号:G52-53/101] | 在馆 | |
| 2 | 0391140 | 203911400 | 第四借阅区/ [索取号:G52-53/101] | 在馆 | |
| 3 | 0391141 | 203911419 | 第四借阅区/ [索取号:G52-53/101] | 在馆 | |
| 4 | 0391142 | 203911428 | 第四借阅区/ [索取号:G52-53/101] | 在馆 | |
| 5 | 0391143 | 203911437 | 第四借阅区/ [索取号:G52-53/101] | 在馆 |